01230nam a22002897a 4500003000900000005001700009008003100026020001800057040002200075082002600097100002000123245013000143246004000273260006600313300003100379590002600410650004300436650004000479700002300519700003800542710003200580910004000612942001200652952012700664952013200791999001700923DO-SdBNP20240626093449.0170112b 2006 ag a 00| 0 spa d a9789507714900 aBPMSUbspacBPMSU aR036.1bE56i 20062221 aBruzzo, Mariana10aEnciclopedia inicial : bprimeros conocimientos /cTorello, Diana... [y otros ]; ilustraciones Diego Rodríguez... [y otros]14aEnciclopedia inicial :byo aprendo  aBuenos Aires, Argentina : bCultural Librera Americana,c2006 a550 p. :bil. ; c29 cm.  6Inventariado, 2024/VM 4aEducación preescolarvEnciclopedias. 4aJardines infantilesvEnciclopedias.1 aJacubovich, Martha1 aRodríguez Diego eilustraciones2 aCultural Librera Americana, aVMateo V. Control de calidad. BPMSU 2ddccBK 00102ddc40708CI-GaBPMETbBPMETd2024-06-26l0oBPMSU CGRI R036.1 E56i 2006pBPMSU24060112r2024-06-26w2024-06-26yBK 00102ddc40708CI-GaBPMETbBPMETd2024-06-26l0oBPMSU CGRI R036.1 E56i 2006pBPMSU24060113r2024-06-26te.2w2024-06-26yBK c14690d14690